| 000 | 00427cam a2200181 4500 | ||
|---|---|---|---|
| 001 | D5265 | ||
| 008 | 090401t1981 xxu||||| |||| 00| 0 eng d | ||
| 035 | _a(Sirsi) u42521 | ||
| 041 | _aeng | ||
| 050 | _a333.33 | ||
| 100 | _aGreen, Ernest H | ||
| 245 | _aBuilding, planning and development | ||
| 260 |
_aLondon _bMacMillan Press _c1981 |
||
| 300 | _aix. 173p. 24cm | ||
| 350 | _a12.95 | ||
| 942 | _n0 | ||
| 948 | _c04/03/1997 | ||
| 999 |
_c91144 _d91144 |
||